Vajkeszites es eszkozel a Bolgaroknal (Запис номер 344426)
[ съкратено ]
| 000 -Лидер | |
|---|---|
| Контролно поле с фиксирана дължина | 00913nam a2200277 c 4500 |
| 003 - Код на организацията, давaща контролен номер | |
| Контролно поле | BLK |
| 005 - Дата и час на последна редакция | |
| Контролно поле | 20200428085755.0 |
| 008 - Елементи от данни с фиксирана дължина | |
| fixed length control field | 180911b bul|||||r ||||||| ||bul|| |
| 010 ## - Наследен системен номер | |
| LC control number | 004091 |
| 040 ## - Източник на каталожния запис | |
| Идентификатор на билиотеката - собственик на записа | BLK |
| 041 ## - Код за език | |
| Код за езика на текст/звукозапис или на отделно заглавие | Унгарски |
| Код за езика КДБФ | Български |
| 080 ## - УДК | |
| УДК - код + определител | 394(497.2) |
| 100 1# - Редна дума - Автор | |
| Автор | VAKARELSKI, Christo |
| Авторска отговорност | първи автор |
| R(LIN) | 26967 |
| 245 00 - Сведения за заглавието | |
| Заглавие | Vajkeszites es eszkozel a Bolgaroknal |
| 260 ## - Област на издателските данни | |
| Място на издаване, разпространение и проч. | s.l.a |
| 300 ## - Физическа характеристика | |
| Страници | 9 с |
| Илюстрации и др. | с ил. |
| Размери/Мащаб | 25 см |
| 380 ## - Жанр | |
| Жанр | Естествени науки. Математика |
| 490 ## - СЕРИИ (Колекции) | |
| Име на серия | Частна колекция - Академик Михаил Арнаудов |
| Бележки за серията | Дарение - Основен фонд |
| 500 ## - Общи забележки | |
| Забележка | Автограф с текст: На г. проф. М. Арнаудов сърдечен дар от автора |
| 501 ## - Забележка „подвързано към” | |
| Забележка: Подвързано към... | Extr. Ethnographia-Nepelet : Г. XLVIII. - Х 1. |
| 650 ## - Допълнително описание по предмет – тема | |
| Основно описание – тема или топоним | Бит |
| 9 (RLIN) | 148764 |
| 655 ## - Ключова дума – жанр/разновидност | |
| Данни за жанр/разновидност или ключова дума за фокус | българска етнология |
| 700 1# - Други автори (авторска отговорност) | |
| Лично име | Chrito Vakarelski |
| 9 (RLIN) | 399906 |
| 852 ## - Местоположение | |
| Форматна сигнатура | МА 3740 |
| Фондова буква | Фонд "Михаил Арнаудов" |
| 999 ## - СИСТЕМНИ КОНТРОЛНИ НОМЕРА | |
| Koha biblionumber | 344426 |
| Koha biblioitemnumber | 344426 |
| 942 ## - АРТИКУЛИ | |
| Вид на библиотечния материал | Книги |
| Скрит в OPAC | Не |
| Периодичен библиозапис | Да |
| 944 ## - СЪЗДАВАНЕ И РЕДАКЦИЯ на ЗАПИСА | |
| Създаване/Редакция | Създаване |
| Дата на регистрацията/редакция | 1994 |
| 999 ## - СИСТЕМНИ КОНТРОЛНИ НОМЕРА | |
| Koha biblioitemnumber | 344426 |
| 999 ## - СИСТЕМНИ КОНТРОЛНИ НОМЕРА | |
| Koha biblioitemnumber | 344426 |
| Код за отписване | Код за изгубен артикул | Източник на класификационната схема | Код за повреда | Коз за рестрикции | Код за отдаване | Артикулен № | Име на библиотеката - собственик | Име на библиотеката, в която се намира в момента | Статус (Текущо местоположение) | Местоположение - отдел | Цена в лева | Номерация (Хронология) | Инвентарен номер | Систематично азбучна сигнатура | Баркод | Номер на екземпляра | Цена в евро | Служебен тип на артикула |
|---|---|---|---|---|---|---|---|---|---|---|---|---|---|---|---|---|---|---|
| Не е изгубен | Universal Decimal Classification | Не е повреден | само за читалня | Специални фондове ( старопечатни, редки и ценни, фонд М. Арнаудов) | 744837 | Регионална библиотека "Любен Каравелов" Русе | Регионална библиотека "Любен Каравелов" Русе | Фонд "Михаил Арнаудов" | Фонд "Михаил Арнаудов" | 10.00 | Автограф: Христо Вакарелски | 587852 | МА 3740 | 120000587852 | 1 | 5.11 | Книги |